Statistiques concernant Datez ces évènements du XIXème siècle

Cliquez ici pour prendre le quiz!

Statistiques générales

  • Ce quiz a été pris 317 fois
  • Le résultat moyen est 12 sur 30

Statistiques - réponses

EvènementAnnée% Correct
Proclamation de la IIème République dans le contexte du Printemps des peuples1848
85%
Naissance du Code civil1804
77%
Louis-Napoléon Bonaparte devient empereur des Français1852
72%
Défaite de Sedan, entraînant la perte de l'Alsace-Lorraine pour la France1870
71%
Les Trois Glorieuses mettent fin à la Restauration1830
70%
Instauration de la Commune à Paris pour 72 jours1871
67%
Le Congrès de Vienne redéfinit les frontières de l'Europe1815
63%
Lois Ferry rendant l'école laïque, gratuite et obligatoire1881 / 1882
60%
Mort de Napoléon Bonaparte sur l'île de Sainte-Hélène1821
59%
Zola prend part à l'affaire Dreyfus par sa fameuse tribune J'accuse... !1898
59%
La Tour Eiffel est présentée à Paris pour une exposition universelle1889
56%
Défaite de la Bérézina par l'armée napoléonienne1812
54%
Premiers jeux olympiques modernes, à Athènes1896
54%
Conclusion de la guerre de Sécession par la victoire des Etats du nord1865
44%
Naissance d'Adolf Hitler le 20 avril de cette année1889
42%
Fin de guerre de Crimée, perdue par la Russie1856
39%
Concordat entre le Consulat de France et le Pape1801
34%
Rattachement de Nice et de la Savoie à la France1860
29%
Proclamation du Royaume d'Italie sous l'effet du Risorgimento1861
29%
Publication du Manifeste du Parti Communiste par Marx et Engels1848
25%
Victoria devient reine du Royaume-Uni1837
24%
Les ottomans répriment les indépendantistes grecs lors du massacre de Chios1821 / 1822
22%
Première exposition universelle, à Londres1851
16%
Le Brésil devient un Etat indépendant1822
14%
Invention de la photographie par Daguerre1839
14%
Début de la construction de la Statue de la Liberté1876
14%
Darwin théorise l'évolution de l'Homme avec L'origine des espèces1859
9%
Massacre de Haymarket Square à Chicago par des anarchistes lors d'une grève massive1886
7%
Composition du ballet du Lac des cygnes par Tchaïkovski1875 / 1876
5%
Création de l'Etat de la Californie aux Etats-Unis1850
3%

Distribution des résultats

Percentile par nombre de réponses

% des personnes avec chaque résultat

Votre développement - résultats

Vous n’avez pas pris ce quiz